|
|
|
|
| LEADER |
01260nam a2200349Ia 4500 |
| 001 |
EBC289847 |
| 003 |
MiAaPQ |
| 005 |
20200520144314.0 |
| 006 |
m o d | |
| 007 |
cr cn||||||||| |
| 008 |
011019s2004 enk s 000 0 eng d |
| 020 |
|
|
|z 1845440242
|
| 035 |
|
|
|a (MiAaPQ)EBC289847
|
| 035 |
|
|
|a (Au-PeEL)EBL289847
|
| 035 |
|
|
|a (CaPaEBR)ebr10067118
|
| 035 |
|
|
|a (CaONFJC)MIL51449
|
| 035 |
|
|
|a (OCoLC)70755709
|
| 040 |
|
|
|a MiAaPQ
|c MiAaPQ
|d MiAaPQ
|
| 050 |
|
4 |
|a HD57.7
|b .N38 2004
|
| 245 |
0 |
0 |
|a National leadership grants
|h [electronic resource] /
|c Guest editors, Timothy W. Cole and Sarah L. Shreeves.
|
| 260 |
|
|
|a Bradford, England :
|b Emerald Group Publishing,
|c c2004.
|
| 300 |
|
|
|a 92 p.
|
| 490 |
1 |
|
|a Library Hi Tech. No. 3 ;
|v Vol. 22
|
| 533 |
|
|
|a Electronic reproduction. Ann Arbor, MI : ProQuest, 2015. Available via World Wide Web. Access may be limited to ProQuest affiliated libraries.
|
| 650 |
|
0 |
|a Leadership.
|
| 650 |
|
0 |
|a Industrial management.
|
| 655 |
|
4 |
|a Electronic books.
|
| 700 |
1 |
|
|a Cole, Timothy W.
|
| 700 |
1 |
|
|a Shreeves, Sarah L.
|
| 710 |
2 |
|
|a ProQuest (Firm)
|
| 830 |
|
0 |
|a Library hi tech ;
|v v. 22, no. 3.
|
| 856 |
4 |
0 |
|u https://ebookcentral.proquest.com/lib/matrademy/detail.action?docID=289847
|z Click to View
|